Statistics for Historic Events CE

Click here to take the quiz!

General Stats

  • This quiz has been taken 12 times
  • The average score is 12 of 18

Answer Stats

EventRoman NumeralYear CE% Correct
World War II beginsMCMXXXIX1939
100%
World War I beginsMCMXIV1914
90%
Berlin Wall FallsMCMXCI1991
90%
Death of JesusXXX or XXXIII30/33
90%
William the Conqueror crosses the English ChannelMLXVI1066
80%
The Invention of GunpowderDCCC800
80%
Pope Urban II calls on Christians to drive the Muslims out of the Holy LandMXCV1095
70%
English Nobles Force King John to Sign the Magna ChartaMCCXV1215
70%
Death of Genghis KhanMCCXXVII1227
70%
Gutenberg's Printing PressMCDXL1440
70%
Bith of MuhammadDCXXXII632
70%
Mongolian leader Temujin defeats his rivals and receives the title Genghis KhanMCCVI1206
60%
Norse explorers discover and colonize IcelandDCCCLXX870
60%
Sandro Botticelli paints The Birth of VenusMCDLXXXVI1486
50%
Christopher Columbus Arrives in the West IndiesMCDXCII1492
50%
The American RevolutionMDCCLXV-MDCCLXXXIII1765 -1783
40%
Rise and Fall of the Aztec CivilizationMCCCXXV-MDXXI1325-1521
30%
The beginning and end of The ReformationMDXVII-MDCXLVIII1517-1648
30%

Score Distribution

Percentile by Number Answered

Percent of People with Each Score

Your Score History

You have not taken this quiz